logo

Bir Sreshtho Munshi Abdur Rouf Library
Jhenaidah Cadet College

Civil military interaction in Asia and Africa / (Record no. 4765)

MARC details
000 -LEADER
fixed length control field 00966pam a2200289 a 4500
001 - CONTROL NUMBER
JCCL Control Number 4765
003 - CONTROL NUMBER IDENTIFIER
JCCL marc code BD-JhCC
005 - DATE AND TIME OF LATEST TRANSACTION
control field 20171203175157.0
008 - FIXED-LENGTH DATA ELEMENTS--GENERAL INFORMATION
fixed length control field 901115s1991 ne b 001 0 eng
020 ## - INTERNATIONAL STANDARD BOOK NUMBER
International Standard Book Number 9004093591 (paper)
035 ## - SYSTEM CONTROL NUMBER
system control number (BD-JhCC)4765
040 ## - CATALOGING SOURCE
Original cataloging agency DLC
Transcribing agency DLC
Modifying agency DLC
-- BD-JhCC
041 ## - LANGUAGE CODE
Language code of Book eng
050 00 - LIBRARY OF CONGRESS CALL NUMBER
Classification number JQ26.C58
Item number C57 1990
082 00 - DEWEY DECIMAL CLASSIFICATION NUMBER
Classification number 322/.5/095
DDC Edition number 20
Author mark and Year CIV 1990
245 00 - TITLE STATEMENT
Title Civil military interaction in Asia and Africa /
Statement of responsibility, etc edited by Charles H. Kennedy and David J. Louscher.
260 ## - PUBLICATION, DISTRIBUTION, ETC. (IMPRINT)
Place of publication, distribution, etc Leiden ;
-- New York :
Name of publisher, distributor, etc E.J. Brill,
Date of publication, distribution, etc 1991.
300 ## - PHYSICAL DESCRIPTION
Pagination 154 p. ;
Dimensions 24 cm.
440 #0 -
Title International studies in sociology and social anthropology,
Volume number/sequential designation v. 55
504 ## - BIBLIOGRAPHY, ETC. NOTE
Bibliography, etc Includes bibliographical references and index.
650 #0 - SUBJECT ADDED ENTRY--TOPICAL TERM
Topical term or geographic name as entry element Civil-military relations
Geographic subdivision Asia.
650 #0 - SUBJECT ADDED ENTRY--TOPICAL TERM
Topical term or geographic name as entry element Civil-military relations
Geographic subdivision Africa.
700 1# - ADDED ENTRY--PERSONAL NAME
Personal name Kennedy, Charles H.
Fuller form of name (Charles Henry),
Dates associated with a name 1951-
700 1# - ADDED ENTRY--PERSONAL NAME
Personal name Louscher, David J.
942 ## - ADDED ENTRY ELEMENTS (KOHA)
Source of classification or shelving scheme Dewey Decimal Classification
Koha item type Books
Holdings
Source of classification or shelving scheme Damaged status Not for loan Home library Current library Shelving location Date of accession Total Checkouts Full call number Barcode Date last seen Copy number Koha item type
Dewey Decimal Classification     JCC Rouf Library JCC Rouf Library General Stacks 12/03/2017   322/.5/095 CIV 1990 6746 12/03/2017 C-1 Books

JCC Library | Contacts | JCC Home

Last Update on 23 September 2017
Copyright @ 2017-2020 JCC Rouf Library
Rouf Library, Jhenidah Cadet College (JCC), Bangladesh